Text book of applied mechanics / (Record no. 94)
[ view plain ]
| 000 -LEADER | |
|---|---|
| fixed length control field | 00751cam a2200325ua 4500 |
| 041 ## - LANGUAGE CODE | |
| Language code of text/sound track or separate title | eng |
| 082 ## - DEWEY DECIMAL CLASSIFICATION NUMBER | |
| Classification number | 620.1 |
| Item number | PRA/TE |
| 100 ## - MAIN ENTRY--AUTHOR NAME | |
| Personal name | Prasad, I B . |
| 245 ## - TITLE STATEMENT | |
| Title | Text book of applied mechanics / |
| 250 ## - EDITION STATEMENT | |
| Edition statement | 11 / |
| 260 ## - PUBLICATION, DISTRIBUTION, ETC. (IMPRINT) | |
| Place of publication | New Delhi : |
| Name of publisher | Khanna publishers , |
| Year of publication | 1986. |
| 300 ## - PHYSICAL DESCRIPTION | |
| Number of Pages | 916 ; . |
| 650 ## - SUBJECT ADDED ENTRY--TOPICAL TERM | |
| Topical Term | Mechanics |
| 942 ## - ADDED ENTRY ELEMENTS (KOHA) | |
| Koha item type | Books |
| 003 - CONTROL NUMBER IDENTIFIER | |
| control field | @ |
| 003 - CONTROL NUMBER IDENTIFIER | |
| control field | OSt |
| Withdrawn status | Lost status | Damaged status | Home library | Current library | Date acquired | Full call number | Accession Number | Koha item type | Shelving location |
|---|---|---|---|---|---|---|---|---|---|
| KAUAET | KAUAET | 26/03/1986 | 620.1 PRA/TE | 15134 | Books | ||||
| Damaged | KAUAET | KAUAET | 26/03/1986 | 620.1 PRA/TE | 15131 | Books | Binding Shelf | ||
| KAUAET | KAUAET | 26/03/1986 | 620.1 PRA/TE | 15129 | Books | ||||
| KAUAET | KAUAET | 26/03/1986 | 620.1 PRA/TE | 15140 | Books | ||||
| Damaged | KAUAET | KAUAET | 26/03/1986 | 620.1 PRA/TE | 15139 | Books | |||
| KAUAET | KAUAET | 26/03/1986 | 620.1 PRA/TE | 15133 | Books | ||||
| KAUAET | KAUAET | 26/03/1986 | 620.1 PRA/TE | 15128 | Books | ||||
| Damaged | KAUAET | KAUAET | 26/03/1986 | 620.1 PRA/TE | 15123 | Books | |||
| KAUAET | KAUAET | 26/03/1986 | 620.1 PRA/TE | 15124 | Books | Binding Shelf | |||
| KAUAET | KAUAET | 26/03/1986 | 620.1 PRA/TE | 15138 | Books |
